00483nam a2200193Ia 4500003000900000005001700009008004100026040001300067040001300080041000800093100001700101245010900118250001100227260001500238260000900253300001100262300001000273490000600283IT-RoPAU20220918175848.0120407s9999 xx 000 0 und d aIT-RoPAU cIT-RoPAU aita aElio Gambari aManuale della vita religiosa alla luce del Vaticano II. Vol. I: Natura e dimensioni della vita religiosa aSalone aMonfortane c1970 a378 p. c21 cm v1